000 00590nam a2200133Ia 4500
008 171212s9999 xx 000 0 und d
020 _a9780833042323
100 _aOchmanek, David;Schwartz, Lowell H.
245 _cOchmanek, David;Schwartz, Lowell H.
_aThe Challenge of Nuclear-Armed Regional Adversaries
260 _bRAND Corporation
_c2008
650 _aNuclear warfare; United States -- Military policy; National security -- United States; Strategic forces; International security; Deterrence (Strategy)
650 _aPolitical Science
856 _uwww.jstor.org/stable/10.7249/mg671af
999 _c352623
_d352623